| 000 | 00836nam a2200241Ia 4500 | ||
|---|---|---|---|
| 999 |
_c34845 _d34845 |
||
| 001 | 662 | ||
| 003 | GE_BSU | ||
| 005 | 20220530131108.0 | ||
| 008 | 181216s2009||||ge |||||||||||||| ||geo|| | ||
| 020 | _a9789941407062 | ||
| 040 | _cGE_BSU | ||
| 041 | _ageo | ||
| 080 | _a94(55) კ-34 | ||
| 100 |
_aკაციტაძე, დავით _913889 |
||
| 245 |
_aირანის ისტორია III-XVIII საუკუნეები / _cდავით კაციტაძე. |
||
| 264 |
_aთბილისი, _c2009. |
||
| 300 |
_a338 გვ. ; _b20 სმ. |
||
| 504 | _aბიბლიოგრ.: გვ. 522-531. | ||
| 541 | _h15 ლ. | ||
| 653 | _aირანის ისტორია | ||
| 653 | _aირან-საქართველოს ურთიერთობები | ||
| 942 |
_cBK _2udc |
||